A tudatos fogyasztói és vásárlói magatartás vizsgálata az X és a Z generáció tükrében

Bibliográfiai részletek
Szerző: Nagy Írisz Anna
További közreműködők: Hübner Andrea Gabriella
Dokumentumtípus: Diplomadolgozat
Kulcsszavak:fenntarthatóság
fogyasztói magatartás
környezet
vásárlói magatartás
Z generáció
Online Access:http://dolgozattar.uni-bge.hu/60092

MARC

LEADER 00000nta a2200000 i 4500
001 dolg60092
005 20260409145959.0
008 260409suuuu hu om 000 hun d
040 |a BGE Dolgozattár Repozitórium  |b hun 
041 |a hu 
100 1 |a Nagy Írisz Anna 
245 1 2 |a A tudatos fogyasztói és vásárlói magatartás vizsgálata az X és a Z generáció tükrében  |c Nagy Írisz Anna  |h [elektronikus dokumentum] 
520 3 |a A diplomamunkám során azt a célt tűztem ki magam elé, hogy megállapítsam a két generáció gondolkodásmódját a fenntarthatósággal kapcsolatban, és megvizsgáljam a fogyasztói és vásárlói magatartásukat. A témaválasztáskor egyértelmű volt számomra, hogy a fenntarthatóságot valamilyen szinten szeretném beleépíteni a dolgozatomba, mivel ez egy kiemelkedően fontos terület. Mindig is nagyon foglalkoztatott az, hogy mi emberek hogyan tudjuk jobbá tenni a környezetünket, és hogyan tudok én magam is erre motiválni másokat. Ebből adódóan, pedig a szüleim jutottak egyből eszembe, hogy őket is folyamatosan igyekszem arra buzdítani, hogy próbáljanak különb fogyasztók lenni. Azt gondoltam, érdekes lehet megvizsgálni, hogy a szüleink, vagy mi vagyunk - e tudatosabbak, vagy éppenséggel ugyanannyira. A szekunder kutatásom során megismerkedtem részletesebben az X és Z generációval, illetve megvizsgáltam a különbséget a fogyasztói - és vásárlói magatartás között. A két fogalmat gyakran egy kontextusban használják attól függetlenül, hogy nem azonos a jelentésük. A fogyasztás sokkal tágabb jelentéssel bír, míg a vásárlás egy szűkebb fogalom. A primer kutatásom során két kérdőívet készítettem, egyiket az X generációnak, a másikat a Z generációnak, így külön tudtam választani az adatokat, és könnyebben lehetett követni a kitöltéseket. A kérdések mindkét kérdőív esetében azonosak voltak, így össze tudtam hasonlítani a kapott eredményeket. Az X generációt kifejezetten nehezen tudtam elérni, és több mint két hónapba telt a minimum kitöltést elérni. Alapvetően is sokkal kevesebb kutatást, cikket találtam erről a generációról a szekunder kutatásom során, így igazán érdekes, hogy itthon miért vizsgálják kevésbé őket, és a kapcsolatukat a Z generációval. Az utóbbi nemzedékről rengeteg kutatást végeztek, és a sajátom során is könnyen el tudtam őket érni. A vizsgálat során azt tudtam megállapítani, hogy az X generáció nagyobb hajlandóságot mutat a tudatosság felé, viszont a Z generáció is igyekszik jobb lenni. Alapvetően nem voltak számottevő különbségek a kutatás során, ezért megállapíthatjuk, hogy mindkét generáció hajlandóságot mutat. Úgy gondolom, hogy a dolgozatom egy kiemelkedően fontos témát mutatott be, és remélem az olvasókat is tudtam arra motiválni, hogy minden fenntarthatósági igyekezet fontos, és eredményt hoz a társadalomnak és környezetünknek. 
695 |a fenntarthatóság 
695 |a fogyasztói magatartás 
695 |a környezet 
695 |a vásárlói magatartás 
695 |a Z generáció 
700 1 |a Hübner Andrea Gabriella  |e ths 
856 4 0 |u http://dolgozattar.uni-bge.hu/60092/1/Nagy_%C3%8Drisz_Anna_Szakdolgozat.pdf  |z Dokumentum-elérés 
856 4 0 |u http://dolgozattar.uni-bge.hu/60092/2/Nagy%20%C3%8Drisz%20Anna.pdf  |z Dokumentum-elérés 
856 4 0 |u http://dolgozattar.uni-bge.hu/60092/3/Nagy%20%C3%8Drisz%20Anna%20b%C3%ADr%C3%A1lat%20KSZ.pdf  |z Dokumentum-elérés